<?xml version="1.0" encoding="UTF-8"?>
<record
    xmlns:xsi="http://www.w3.org/2001/XMLSchema-instance"
    xsi:schemaLocation="http://www.loc.gov/MARC21/slim http://www.loc.gov/standards/marcxml/schema/MARC21slim.xsd"
    xmlns="http://www.loc.gov/MARC21/slim">

  <leader>00598nam a22001937a 4500</leader>
  <controlfield tag="005">20180416122945.0</controlfield>
  <datafield tag="010" ind1=" " ind2=" ">
    <subfield code="a">ENG-122581</subfield>
  </datafield>
  <datafield tag="020" ind1=" " ind2=" ">
    <subfield code="a">9789352806027</subfield>
    <subfield code="c">450.00</subfield>
  </datafield>
  <datafield tag="035" ind1=" " ind2=" ">
    <subfield code="a">EN-106113</subfield>
  </datafield>
  <datafield tag="037" ind1=" " ind2=" ">
    <subfield code="b">DBAD/PUB</subfield>
  </datafield>
  <datafield tag="082" ind1=" " ind2=" ">
    <subfield code="a">510.24372</subfield>
  </datafield>
  <datafield tag="100" ind1=" " ind2=" ">
    <subfield code="a">Patmore, Mark</subfield>
  </datafield>
  <datafield tag="245" ind1=" " ind2=" ">
    <subfield code="a">Passing the numeracy skills test /</subfield>
    <subfield code="c">by Mark Patmore</subfield>
    <subfield code="b"> </subfield>
  </datafield>
  <datafield tag="250" ind1=" " ind2=" ">
    <subfield code="a">5th edn.</subfield>
  </datafield>
  <datafield tag="260" ind1=" " ind2=" ">
    <subfield code="a">New Delhi</subfield>
    <subfield code="b">Sage Publications</subfield>
    <subfield code="c">2018</subfield>
  </datafield>
  <datafield tag="270" ind1=" " ind2=" ">
    <subfield code="a">B-1/I-1, Mohan Cooperative Industrial Area, Mathura Road, </subfield>
    <subfield code="b">New Delhi</subfield>
    <subfield code="e">110044</subfield>
  </datafield>
  <datafield tag="300" ind1=" " ind2=" ">
    <subfield code="a">85p.</subfield>
    <subfield code="c">22m.(pbk)</subfield>
    <subfield code="b">ill.</subfield>
  </datafield>
  <datafield tag="942" ind1=" " ind2=" ">
    <subfield code="2">ddc</subfield>
    <subfield code="c">EN</subfield>
    <subfield code="m">PAT</subfield>
    <subfield code="h">510.24372</subfield>
  </datafield>
  <datafield tag="999" ind1=" " ind2=" ">
    <subfield code="c">151225</subfield>
    <subfield code="d">151225</subfield>
  </datafield>
  <datafield tag="952" ind1=" " ind2=" ">
    <subfield code="0">0</subfield>
    <subfield code="1">0</subfield>
    <subfield code="4">0</subfield>
    <subfield code="7">1</subfield>
    <subfield code="8">NFIC</subfield>
    <subfield code="a">DBAD</subfield>
    <subfield code="b">L</subfield>
    <subfield code="d">2018-04-16</subfield>
    <subfield code="e">DBAD/PUB</subfield>
    <subfield code="g">450.00</subfield>
    <subfield code="l">0</subfield>
    <subfield code="o">510.24372 PAT</subfield>
    <subfield code="p">EN-106113</subfield>
    <subfield code="r">2018-04-16 00:00:00</subfield>
    <subfield code="t">1</subfield>
    <subfield code="v">450.00</subfield>
    <subfield code="y">EN</subfield>
  </datafield>
</record>
